| 000 | 01586nam0a2200337 4500 | ||
|---|---|---|---|
| 001 | RU\NLR\bibl\526174 | ||
| 005 | 20250609150112.0 | ||
| 010 |
_a5-7579-0599-9 _9100 |
||
| 021 |
_aRU _b2004-38674 _91924 |
||
| 035 | _a(NLR Aleph) 000518546 | ||
| 090 |
_a1278433 _c1278433 |
||
| 100 | _a20040602d2003 |||y0rusy50 ca | ||
| 101 | 0 | _arus | |
| 102 | _aRU | ||
| 105 | _aa ||||||||| | ||
| 200 | 1 |
_aИнтубация трахеи _eВозмож. трудности и опасности при интубации, их прогнозирование и профилактика _eПособие для врачей _fВ.Н. Коробков, В.М. Белопухов, С.С. Дружинин _gМ-во здравоохранения Рос. Федерации, Казан. гос. мед. акад. |
|
| 210 |
_aКазань _cИзд-во Казан. гос. техн. ун-та _d2003 |
||
| 215 |
_a46, [2] с. _cил. _d20 |
||
| 320 | _aБиблиогр.: с. 43-47 (53 назв.) | ||
| 606 | 1 |
_aТрахея _jРуководства, пособия и т.п _xИнтубация _91315737 _3RU\NLR\AUTH\66229933 |
|
| 686 | _aР685.246-81я77 | ||
| 700 | 1 |
_aКоробков _bВ. Н. _gВладимир Николаевич _4070 |
|
| 701 | 1 |
_aБелопухов _bВ. М. _gВалерий Матвеевич _4070 |
|
| 701 | 1 |
_aДружинин _bС. С. _gСтанислав Станиславович _4070 |
|
| 801 | 0 |
_aRU _bNLR _c20040602 _gPSBO |
|
| 801 | 1 |
_aRU _bNLR _c20040602 |
|
| 830 | _aАвт. по кн. | ||
| 942 | _cBOOK | ||
| 980 | _aNB | ||